Szeged. - 1924. június 4., Szerda
Elmentve itt :
| Dokumentumtípus: | Újság |
|---|---|
| Megjelent: |
1924-06-04
|
| Sorozat: | Szeged
5 No. 127 |
| Online Access: | http://dmarchiv.bibl.u-szeged.hu/4459 |
| LEADER | 00462nas a2200145 i 4500 | ||
|---|---|---|---|
| 001 | delm4459 | ||
| 005 | 20200414151344.0 | ||
| 008 | 171213s1924 hu n o 0|| hun d | ||
| 022 | |a 0133-025X | ||
| 040 | |a SZTE Délmagyarország Archívum |b hun | ||
| 041 | |a hun | ||
| 245 | 0 | 0 | |a Szeged. - 1924. június 4., Szerda |h [elektronikus dokumentum] |
| 260 | |c 1924-06-04 | ||
| 490 | 0 | |a Szeged |v 5 No. 127 | |
| 856 | 4 | 0 | |u http://dmarchiv.bibl.u-szeged.hu/4459/1/dm_1924_127.pdf |z Dokumentum-elérés |